000 00908nam a2200229 a 4500
001 14092
003 BD-JhCC
005 20241208082801.0
008 201128b2014 bg |||| ||a| 000 0 ben d
020 _a9789849117513
035 _a(BD-JhCC)14092
040 _aBD-JhCC
_dBD-JhCC
041 _abengali,Arabic
082 _a297
_bRAH 2014
100 _a রহমান,প্রফেসর মুহাম্মাদ হামীদুর
245 _aআত্মশুদ্ধির পাথেয় /
_cপ্রফেসর মুহাম্মাদ হামীদুর রহমান।
260 _aঢাকা:
_bমাকতাবাতুল ফুরকান ;
_c২০১৪.
300 _a১৯৯ পৃঃ . :
_c২২ সেমি.
650 _aIslamic History
_xদাওয়াত, তাবলীগ, বক্তৃতা,
942 _2ddc
_cBK
_020
999 _c14092
_d14092